The penguin history of early India from the origins to AD 1300 / (Record no. 63044)
[ view plain ]
| 000 -LEADER | |
|---|---|
| fixed length control field | 00896nam a22002297a 4500 |
| 005 - DATE AND TIME OF LATEST TRANSACTION | |
| control field | 20150813170253.0 |
| 010 ## - LCCN (DPL NO) | |
| LC control number | 1516EN07 B-453582-586 |
| 020 ## - INTERNATIONAL STANDARD BOOK NUMBER | |
| International Standard Book Number | 9780143029892 |
| Terms of availability | 325.00 |
| 035 ## - SYSTEM CONTROL NUMBER | |
| System control number | B-453582-586 |
| 037 ## - SOURCE OF ACQUISITION | |
| Source of stock number/acquisition | R.B.C/VEN |
| 037 ## - SOURCE OF ACQUISITION | |
| Source of stock number/acquisition | UBH/Ven |
| Stock number | dpl |
| 082 ## - DEWEY DECIMAL CLASSIFICATION NUMBER | |
| Classification number | 954.01 |
| 100 ## - MAIN ENTRY--PERSONAL NAME | |
| Personal name | Thapar,Romila |
| 245 ## - TITLE STATEMENT | |
| Title | The penguin history of early India from the origins to AD 1300 / |
| Statement of responsibility, etc | by Romila Thapar |
| 260 ## - PUBLICATION, DISTRIBUTION, ETC. (IMPRINT) | |
| Place of publication, distribution, etc | New Delhi |
| Name of publisher, distributor, etc | Penguin Books |
| Date of publication, distribution, etc | 2002 |
| 270 ## - ADDRESS | |
| Address | 11, Community Center,Panchsheel Park, |
| City | New Delhi |
| Postal code | 110017 |
| 300 ## - PHYSICAL DESCRIPTION | |
| Extent | xxx,556p |
| Dimensions | 21cm(pbk) |
| 500 ## - GENERAL NOTE | |
| General note | Includes index |
| 942 ## - ADDED ENTRY ELEMENTS (KOHA) | |
| Source of classification or shelving scheme | Dewey Decimal Classification |
| Item type | English Books |
| Call number suffix | THA |
| Classification part | 954.01 |
| Withdrawn status | Lost status | Not for loan | Collection code | Home library | Current library | Date acquired | Source of acquisition | Cost, normal purchase price | Full call number | Barcode | Copy number | Cost, replacement price | Koha item type |
|---|---|---|---|---|---|---|---|---|---|---|---|---|---|
| Non-fiction | Bawana | Bawana | 05/03/2012 | Researchco Book Centre/26622/01.10.11/07/15.09.11/29.11.11 | 325.00 | 954.01 THA | B-453585 | 1 | 325.00 | English Books | |||
| Non-fiction | Central Library | Central Library | 05/03/2012 | Researchco Book Centre/26622/01.10.11/07/15.09.11/29.11.11 | 325.00 | 954.01 THA | B-453582 | 1 | 325.00 | English Books | |||
| Written-off vide DLB M. No. 383 dt 16.05.19 | Non-fiction | Patel Nagar | Patel Nagar | 05/03/2012 | Researchco Book Centre/26622/01.10.11/07/15.09.11/29.11.11 | 325.00 | 954.01 THA | B-453583 | 1 | 325.00 | English Books | ||
| Non-fiction | Sarojini Nagar | Sarojini Nagar | 05/03/2012 | Researchco Book Centre/26622/01.10.11/07/15.09.11/29.11.11 | 325.00 | 954.01 THA | B-453584 | 1 | 325.00 | English Books | |||
| Non-fiction | Shahdara Branch | Shahdara Branch | 05/03/2012 | Researchco Book Centre/26622/01.10.11/07/15.09.11/29.11.11 | 325.00 | 954.01 THA | B-453586 | 1 | 325.00 | English Books |
